| 000 | 00560nam a22001697a 4500 | ||
|---|---|---|---|
| 003 | CEME | ||
| 005 | 20210628204024.0 | ||
| 008 | 210114b xxu||||| |||| 00| 0 eng d | ||
| 020 | _a0195126157 | ||
| 040 | _cceme | ||
| 082 | _a687.0688 ABE | ||
| 100 |
_aAbernathy, Frederick H , Dunlop, John T , Hammond, Janice H _968292 |
||
| 245 | _aA stitch in time , lean retailing and the transformation of manufacturing-lessons from the apparel and textile industries | ||
| 260 |
_aNEW YORK _bOXFORD UNIVERSITY PRESS _c1999 |
||
| 300 | _aXII, 368P | ||
| 942 |
_cBK _2ddc |
||
| 999 |
_c575897 _d575897 |
||